| 000 | 00468nam a22001457a 4500 | ||
|---|---|---|---|
| 003 | SGT | ||
| 082 |
_a617.643 _bE22A |
||
| 100 | _aAnamika | ||
| 245 |
_aEvaluation of soft tissue profile changes in treated class II malocclusion cases of varied growth pattern _bA Cephalometric study |
||
| 260 |
_aGurugram, Haryana _bSGT University _c2022 |
||
| 300 | _a90 | ||
| 650 | _aOrthodontics & Dentofacial Orthopaedics | ||
| 653 | _aOrthodontics; Malocclusion | ||
| 942 |
_2ddc _cTH |
||
| 999 |
_c23683 _d23683 |
||